A community concern : (Record no. 789)

MARC details
000 -LEADER
fixed length control field 00493nam a2200169 a 4500
005 - DATE AND TIME OF LATEST TRANSACTION
control field 20260322212034.0
008 - FIXED-LENGTH DATA ELEMENTS--GENERAL INFORMATION
fixed length control field data
010 ## - LIBRARY OF CONGRESS CONTROL NUMBER
LC control number 65-18055
096 ## - LOCALLY ASSIGNED NLM-TYPE CALL NUMBER (OCLC)
Classification number WM 30 E64c 1965
001 - CONTROL NUMBER
control field data
100 1# - MAIN ENTRY--PERSONAL NAME
Personal name Epps, Robert L.
245 12 - TITLE STATEMENT
Title A community concern :
Remainder of title experience with management of major mental illness in the community /
Statement of responsibility, etc. Robert L. Epps.
260 ## - PUBLICATION, DISTRIBUTION, ETC.
Place of publication, distribution, etc. Springfield, Illinois
Name of publisher, distributor, etc. Thomas
Date of publication, distribution, etc. c1965
300 ## - PHYSICAL DESCRIPTION
Extent 207 p.
650 02 - SUBJECT ADDED ENTRY--TOPICAL TERM
Topical term or geographic name entry element Mental Health
General subdivision methods
650 02 - SUBJECT ADDED ENTRY--TOPICAL TERM
Topical term or geographic name entry element Mental Health Services
Geographic subdivision Missouri
Holdings
Withdrawn status Lost status Damaged status Not for loan Home library Current library Shelving location Date acquired Total checkouts Full call number Barcode Date last seen Price effective from Koha item type
        Franklin Franklin General stacks 22/03/2026   GEN BC0010812 22/03/2026 22/03/2026 Books